000 00697nam a2200229Ia 4500
003 OSt
005 20220928102221.0
006 a|||||r|||| 00| 0
007 ta
008 220927b |||||||| |||| 00| 0 eng d
024 _a37536
037 _cReference Collections
040 _aSDCL
_cSDCL
_beng
041 _2eng
_aeng
082 _aC85k, M4 RR
100 _aBharat, Shiksha Tetha Sanskriti Mantrayle
_9397192
245 0 _aSpace science glossary.
260 _aDelhi
_bHindi Madhyem Karyanve Nideshayle
_c1984
300 _a148p.
_ccm.
942 _hC85k, M4 RR
_cREF
_2CC
999 _c712982
_d712982